| 000 | 00412nam a2200145 i 4500 | ||
|---|---|---|---|
| 001 | 182905 | ||
| 003 | ES-MaACL | ||
| 005 | 20230906221738.0 | ||
| 008 | 131211s1911 ag |||| | spa d | ||
| 100 | 1 |
_aVedia, Agustín de. _9153948 |
|
| 245 | 1 | 0 |
_aInstrucción cívica / _cAgustín de Vedia. |
| 260 |
_aBuenos Aires : _bCabaut y Cia., _c1911. |
||
| 300 |
_aXIII, 255 p. ; _c19 cm. |
||
| 852 |
_aES-MaACL _jD-1908 |
||
| 999 |
_c182905 _d182905 |
||